Optoelektronika (príklady, testy)

Bibliographic Details
Main Authors: Turán, Ján, 1951- (Author), Ovseník, Ľuboš, 1965- (Author)
Format: Book
Language:Slovak
PhysicalDescription:248 strán grafy, schémy, tabuľky 21 cm
Published: Košice Harlequin 2002
ISBN:8089082025
Edition:[1. vyd.]
Subjects:

MARC

LEADER 00000cam a2200000 a 4500
001 vtls001465146
003 SK-MaSNL
005 20260301121719.0
008 220509s2002 xo dl grn 00000 slo
015 |a SNBA2003/12-04992 
020 |a 8089082025 
035 |a SNK000420451 
035 |a urn:nbn:sk:snk-am3j1vh 
035 |a 91445868-2F39-4FD4-83A0-A815FB51614F 
035 |a urn:nbn:sk:snk-am00ggpn 
040 |a SNK  |b slo  |c SNK  |e AACR2 
041 0 |a slo 
044 |a xo  |c SK 
072 7 |a 621.38  |x Elektronika  |2 konspekt 
080 |a 621.38:535.8(075.6)(079.1)  |2 1997 
080 |a 621.38:535.8  |2 2011 
080 |a (048.8)  |2 2011 
080 |a (076.1/.3)  |2 2011 
080 |a (079.1)  |2 2011 
080 |a 621.38  |2 2011 
100 1 |a Turán, Ján,  |d 1951-  |4 aut  |9 190325 
245 1 0 |a Optoelektronika  |b (príklady, testy)  |c Ján Turán, Ľuboš Ovseník 
250 |a [1. vyd.] 
260 |a Košice  |b Harlequin  |c 2002 
300 |a 248 strán  |b grafy, schémy, tabuľky  |c 21 cm 
366 |e 80 kusov 
500 |a Schéma na titulnej strane 
504 |a Obsahuje bibliografické odkazy 
650 0 7 |a elektronika  |2 SNKPH  |9 3618 
650 0 7 |a optoelektronika  |2 SNKPH  |9 18278 
655 7 |a monografie  |2 SNKPH  |9 70139 
655 7 |a zbierky úloh  |2 SNKPH  |9 70562 
655 7 |a testy  |2 SNKPH  |9 70500 
700 1 |a Ovseník, Ľuboš,  |d 1965-  |4 aut  |9 103468 
919 |a 80-89082-02-5 
958 |a NB 
958 |a OND 
999 |c 730384  |d 732314 
952 |a SNK  |b SNK  |y PREZ  |7 0  |p 17A0405678  |o snkSC 113984  |i snkKSP 15693/2003  |8 0  |0 0  |1 0  |4 0  |d 2003-12-10  |f 1  |l 0  |r 2025-10-03 00:00:00  |w 2026-02-23 
952 |a SNK  |b SNK  |y VYP  |7 0  |p 17A0405677  |o snkSC 113984 D1  |i snkKSP 15694/2003  |8 0  |0 0  |1 0  |4 0  |d 2003-12-10  |l 0  |r 2005-01-02 00:00:00  |w 2026-02-23